| 000 | 00471nam a2200193Ia 4500 | ||
|---|---|---|---|
| 003 | SGT | ||
| 005 | 20230104150137.0 | ||
| 008 | 150201s2007 xx 000 0 und d | ||
| 040 | _cSGT | ||
| 082 |
_a294.6 _bJ2007J |
||
| 100 | _aJOHAL SANTOSH SINGH | ||
| 245 | _aJAPUJI : AS I UNDERSTOOD | ||
| 250 | _a1ST | ||
| 260 |
_bSAGAR PUBLICATION _aDELHI _c2007 |
||
| 300 | _a1-152 | ||
| 650 | _aGENERAL DENTISTRY | ||
| 653 | _aGuru Nanak Hymn; Japuji Sahib | ||
| 942 |
_2ddc _cBK |
||
| 999 |
_c4282 _d4282 |
||